[Event "Canada Day op"]
[Site "Toronto CAN"]
[Date "2007.07.01"]
[Round "3"]
[White "Maguire, Jack"]
[Black "Armstrong, Robert J"]
[Result "1-0"]
[WhiteElo "1358"]
[BlackElo "1799"]
[PlyCount "48"]
[GameId "2160767910667641"]
[EventDate "2007.06.30"]
[EventType "swiss"]
[EventRounds "6"]
[EventCountry "CAN"]
[SourceTitle "EXT 2022"]
[Source "ChessBase"]
[SourceDate "2021.10.06"]
[SourceVersion "1"]
[SourceVersionDate "2021.10.06"]
[SourceQuality "1"]

1. d4 g6 2. c4 Bg7 3. e4 c5 4. Nf3 cxd4 5. Nxd4 Nc6 6. f4 Nf6 7. Nxc6 e6 8. Qd2 O-O 9. c5 d5 10. Qa5 Qxa5+ 11. Bd2 Qb4 12. Be2 Re8 13. e5 Ng4 14. O-O Qb6 15. Rf3 Nxe5 16. Nxe5 Bxe5 17. Be3 Bd7 18. Bd4 a5 19. g4 Qxb2 20. Kf2 Bxf4 21. Bxb2 f5 22. Bc4 Kf7 23. Be5 Bxe5 24. gxf5 gxf5 1-0

[Event "Canada Day op"]
[Site "Toronto CAN"]
[Date "2007.07.01"]
[Round "3"]
[White "Ramenaden, Matthew"]
[Black "Ferreira, Alex"]
[Result "1/2-1/2"]
[WhiteElo "1820"]
[BlackElo "2006"]
[PlyCount "72"]
[GameId "2160767910667642"]
[EventDate "2007.06.30"]
[EventType "swiss"]
[EventRounds "6"]
[EventCountry "CAN"]
[SourceTitle "EXT 2022"]
[Source "ChessBase"]
[SourceDate "2021.10.06"]
[SourceVersion "1"]
[SourceVersionDate "2021.10.06"]
[SourceQuality "1"]

1. e4 d5 2. exd5 Nf6 3. c4 c6 4. d6 exd6 5. d4 d5 6. Nc3 Bb4 7. Qb3 Bxc3+ 8. bxc3 O-O 9. Ba3 Re8+ 10. Be2 b6 11. Kf1 Ne4 12. Nf3 Bg4 13. Rd1 Ng5 14. h4 Nxf3 15. gxf3 Bh5 16. Bc1 Qf6 17. Rd3 dxc4 18. Qxc4 h6 19. d5 c5 20. Qf4 Nd7 21. Qxf6 Nxf6 22. c4 Nd7 23. Bf4 Ne5 24. Re3 f6 25. a4 Kf7 26. Kg2 Ng6 27. Kg3 Ne7 28. Bd3 Bg6 29. Bxg6+ Kxg6 30. Rhe1 Nf5+ 31. Kh3 Nxe3 32. fxe3 Rad8 33. e4 Kf7 34. Bg3 g5 35. h5 Rd7 36. Kg4 Ra8 1/2-1/2

[Event "Canada Day op"]
[Site "Toronto CAN"]
[Date "2007.07.01"]
[Round "4"]
[White "Kaufman, Elliot"]
[Black "Armstrong, Robert J"]
[Result "0-1"]
[WhiteElo "1338"]
[BlackElo "1799"]
[PlyCount "51"]
[GameId "2160767910667644"]
[EventDate "2007.06.30"]
[EventType "swiss"]
[EventRounds "6"]
[EventCountry "CAN"]
[SourceTitle "EXT 2022"]
[Source "ChessBase"]
[SourceDate "2021.10.06"]
[SourceVersion "1"]
[SourceVersionDate "2021.10.06"]
[SourceQuality "1"]

1. e4 g6 2. d4 Bg7 3. Nf3 d6 4. Nc3 Nf6 5. Bg5 O-O 6. Bxf6 Bxf6 7. Qd2 Bg7 8. O-O-O Nc6 9. d5 Bf6 10. Bc4 Bf5 11. dxc6 d5 12. Bd3 dxe4 13. Bxe4 Bxe4 14. Qe2 b5 15. b3 b4 16. Na4 Qd2+ 17. Qxd2 e5 18. Qd5 a5 19. Qc5 Rfe8 20. Qxe5 Red8 21. Qxc7 Rd5 22. Qf4 Rc5 23. Rd4 Rc8 24. Qd2 Rf5 25. Rd5 Bxd5 26. Qe1 0-1

[Event "Canada Day op"]
[Site "Toronto CAN"]
[Date "2007.07.02"]
[Round "5"]
[White "Armstrong, Robert J"]
[Black "Kurbatov, Misha"]
[Result "1-0"]
[WhiteElo "1799"]
[BlackElo "1367"]
[PlyCount "61"]
[GameId "2160767910667646"]
[EventDate "2007.06.30"]
[EventType "swiss"]
[EventRounds "6"]
[EventCountry "CAN"]
[SourceTitle "EXT 2022"]
[Source "ChessBase"]
[SourceDate "2021.10.06"]
[SourceVersion "1"]
[SourceVersionDate "2021.10.06"]
[SourceQuality "1"]

1. d4 e6 2. c4 Nf6 3. Nf3 Bb4+ 4. Bd2 Bxd2+ 5. Qxd2 Ne4 6. Qc2 d5 7. e3 b6 8. Nbd2 Nxd2 9. Nxd2 Bb7 10. Be2 Qg5 11. Rg1 O-O 12. Qc3 dxc4 13. a4 c6 14. b3 cxb3 15. a5 Bc8 16. Bd3 c5 17. dxc5 Qxc5 18. Rc1 Nd7 19. f4 Qe5 20. Be2 Qg5 21. Nf3 Qf6 22. h4 Ne5 23. g4 h5 24. Qxb3 Nd3+ 25. Kd2 Re8 26. gxh5 b5 27. e4 b4 28. Rce1 Rd8 29. h6 Nf2+ 30. Qd3 Re8 31. Ra1 1-0

[Event "Canada Day op"]
[Site "Toronto CAN"]
[Date "2007.07.02"]
[Round "5"]
[White "Kaufman, Harris"]
[Black "Maguire, Jack"]
[Result "1-0"]
[WhiteElo "1918"]
[BlackElo "1358"]
[PlyCount "59"]
[GameId "2160767910667647"]
[EventDate "2007.06.30"]
[EventType "swiss"]
[EventRounds "6"]
[EventCountry "CAN"]
[SourceTitle "EXT 2022"]
[Source "ChessBase"]
[SourceDate "2021.10.06"]
[SourceVersion "1"]
[SourceVersionDate "2021.10.06"]
[SourceQuality "1"]

1. e4 d5 2. exd5 Nf6 3. d4 Bg4 4. Be2 Bxe2 5. Qxe2 Qxd5 6. Nf3 Nc6 7. c4 Qh5 8. Nc3 O-O-O 9. Be3 e6 10. O-O Bb4 11. a3 Bxc3 12. bxc3 Rhe8 13. Rab1 e5 14. d5 Na5 15. Bxa7 e4 16. Nd4 Qxe2 17. Nxe2 Nxc4 18. Rb4 Nxa3 19. c4 Nd7 20. Ra4 Ne5 21. Rxa3 Nxc4 22. Rc3 Nd2 23. Rfc1 Re7 24. d6 Rxd6 25. Bc5 Rdd7 26. Bxe7 Rxe7 27. Ra1 c6 28. Nf4 f5 29. Ra8+ Kc7 30. Nd5+ 1-0

[Event "Canada Day op"]
[Site "Toronto CAN"]
[Date "2007.07.02"]
[Round "5"]
[White "Laporte, Richard"]
[Black "Ferreira, Alex"]
[Result "1-0"]
[WhiteElo "1627"]
[BlackElo "2006"]
[PlyCount "109"]
[GameId "2160767910667648"]
[EventDate "2007.06.30"]
[EventType "swiss"]
[EventRounds "6"]
[EventCountry "CAN"]
[SourceTitle "EXT 2022"]
[Source "ChessBase"]
[SourceDate "2021.10.06"]
[SourceVersion "1"]
[SourceVersionDate "2021.10.06"]
[SourceQuality "1"]

1. e4 Nf6 2. Nc3 d6 3. d4 g6 4. f3 Bg7 5. Be3 O-O 6. Qd2 e5 7. d5 c5 8. g4 a6 9. Bh6 b5 10. h4 b4 11. Nce2 Re8 12. Bxg7 Kxg7 13. Ng3 h6 14. g5 hxg5 15. Qxg5 Nh7 16. Qd2 Rg8 17. N1e2 f6 18. Bh3 Bxh3 19. Rxh3 Qf8 20. O-O-O Kf7 21. Rdh1 Nd7 22. f4 Ke7 23. h5 g5 24. Nf5+ Kd8 25. fxg5 Nxg5 26. Re3 Nb6 27. b3 Kd7 28. Neg3 Rc8 29. Qe2 c4 30. h6 a5 31. Ng7 a4 32. Qg4+ Kc7 33. Qxg5 fxg5 34. Ne6+ Kd7 35. Nxf8+ Rgxf8 36. Nf5 axb3 37. axb3 Ra8 38. Kd2 Nxd5 39. exd5 c3+ 40. Kd3 Rxf5 41. h7 Rff8 42. Rg3 Ke7 43. Rxg5 Kf6 44. Rg2 Rh8 45. Rf1+ Ke7 46. Rg7+ Ke8 47. Rff7 Ra1 48. Rb7 Kf8 49. Rgc7 Ra8 50. Rd7 Rc8 51. Rxd6 Ra8 52. Rdd7 Rc8 53. d6 Ke8 54. Rg7 Kf8 55. Rbf7+ 1-0

[Event "Canada Day op"]
[Site "Toronto CAN"]
[Date "2007.07.02"]
[Round "6"]
[White "Ferreira, Alex"]
[Black "Rogers, Jonathan1"]
[Result "1-0"]
[WhiteElo "2006"]
[BlackElo "1403"]
[PlyCount "73"]
[GameId "2160767910667649"]
[EventDate "2007.06.30"]
[EventType "swiss"]
[EventRounds "6"]
[EventCountry "CAN"]
[SourceTitle "EXT 2022"]
[Source "ChessBase"]
[SourceDate "2021.10.06"]
[SourceVersion "1"]
[SourceVersionDate "2021.10.06"]
[SourceQuality "1"]

1. e4 Nf6 2. Bc4 e5 3. d3 Bc5 4. Nf3 d6 5. O-O O-O 6. c3 Bb6 7. a4 a5 8. Bg5 Bg4 9. Nbd2 c6 10. h3 Bc8 11. Qb3 Nbd7 12. d4 exd4 13. cxd4 Qc7 14. Bf4 h6 15. Rfe1 Ne8 16. Rad1 Qd8 17. Nf1 Ndf6 18. Bh2 d5 19. exd5 cxd5 20. Bb5 Bf5 21. Bxe8 Rxe8 22. Rxe8+ Nxe8 23. Ne3 Be6 24. Rc1 Nf6 25. Be5 Ne4 26. Qd3 Ng5 27. Nxg5 Qxg5 28. f4 Qg3 29. Kh1 Rc8 30. Rxc8+ Bxc8 31. Qc3 Be6 32. f5 Qh4 33. fxe6 fxe6 34. Kh2 h5 35. Qc8+ Kh7 36. Qxb7 Bd8 37. Qxg7# 1-0

[Event "Canada Day op"]
[Site "Toronto CAN"]
[Date "2007.07.02"]
[Round "6"]
[White "Jackiw, Mark"]
[Black "Maguire, Jack"]
[Result "0-1"]
[WhiteElo "1624"]
[BlackElo "1358"]
[PlyCount "108"]
[GameId "2160767910667650"]
[EventDate "2007.06.30"]
[EventType "swiss"]
[EventRounds "6"]
[EventCountry "CAN"]
[SourceTitle "EXT 2022"]
[Source "ChessBase"]
[SourceDate "2021.10.06"]
[SourceVersion "1"]
[SourceVersionDate "2021.10.06"]
[SourceQuality "1"]

1. c4 e5 2. Nf3 Nc6 3. Nc3 g6 4. d4 exd4 5. Nxd4 Nge7 6. Bg5 Bg7 7. Nxc6 bxc6 8. Qd2 O-O 9. Bh6 Nf5 10. Bxg7 Nxg7 11. g4 f5 12. h3 Rb8 13. O-O-O Qf6 14. g5 Qf7 15. f4 Qxc4 16. e4 Qc5 17. e5 Ne6 18. b3 Rd8 19. Bc4 d6 20. Qd4 Qa3+ 21. Kb1 Kf8 22. Qe3 Ke7 23. exd6+ Rxd6 24. Rxd6 Qxd6 25. Re1 Bd7 26. Na4 Kf7 27. Nc5 Re8 28. Nxd7 Qxd7 29. Bxe6+ Rxe6 30. Qxe6+ Qxe6 31. Rxe6 Kxe6 32. Kc2 Kd5 33. Kd3 c5 34. h4 c6 35. a3 a6 36. a4 a5 37. Ke3 c4 38. b4 axb4 39. a5 Kc5 40. a6 Kb6 41. a7 Kxa7 42. Kd4 Kb6 43. Kxc4 c5 44. h5 gxh5 45. Kd5 b3 46. Ke5 b2 47. Kxf5 b1=Q+ 48. Kf6 Qg6+ 49. Ke5 Kc6 50. f5 Qxg5 51. Ke6 Qg8+ 52. Kf6 Kd5 53. Ke7 Qg7+ 54. Ke8 Kd6 0-1

[Event "Canada Day op"]
[Site "Toronto CAN"]
[Date "2007.07.02"]
[Round "6"]
[White "Tseluiko, Oleg"]
[Black "Armstrong, Robert J"]
[Result "1-0"]
[WhiteElo "1976"]
[BlackElo "1799"]
[PlyCount "76"]
[GameId "2160767910667651"]
[EventDate "2007.06.30"]
[EventType "swiss"]
[EventRounds "6"]
[EventCountry "CAN"]
[SourceTitle "EXT 2022"]
[Source "ChessBase"]
[SourceDate "2021.10.06"]
[SourceVersion "1"]
[SourceVersionDate "2021.10.06"]
[SourceQuality "1"]

1. e4 g6 2. d4 Bg7 3. Nc3 d6 4. f3 Nf6 5. Be3 O-O 6. Qd2 c6 7. g4 b5 8. h4 h5 9. gxh5 Nxh5 10. Nge2 Nd7 11. Rg1 Qc7 12. Ng3 Nxg3 13. Rxg3 b4 14. Nd1 e5 15. a3 a5 16. Bf4 Nf6 17. Bd3 Nh5 18. dxe5 Bh6 19. Be2 dxe5 20. axb4 a4 21. c3 Bf5 22. Bxh6 Be6 23. Bg7 Qe7 24. Bh6 Qa7 25. Qe3 Qb6 26. Rg5 f6 27. Rxg6+ Kh7 28. Rg2 Rf7 29. Rb1 Rc8 30. Qd2 Qc5 31. Rg6 Qb6 32. Rg2 Rd7 33. Qc1 Qb5 34. Bxb5 cxb5 35. Ke2 Rxc3 36. Qc2 Rg7 37. Kf1 Bh3 38. f4 Kxh6 1-0

[Event "Capablanca Memorial Classic"]
[Site "Edmonton CAN"]
[Date "2007.03.01"]
[Round "1"]
[White "Hughey, Micah"]
[Black "Wihnon, Jason"]
[Result "1-0"]
[WhiteElo "2249"]
[BlackElo "1901"]
[PlyCount "49"]
[GameId "2160767910718276"]
[EventDate "2007.03.01"]
[EventType "swiss"]
[EventRounds "5"]
[EventCountry "CAN"]
[SourceTitle "EXT 2008"]
[Source "ChessBase"]
[SourceDate "2007.11.25"]
[SourceVersion "1"]
[SourceVersionDate "2007.11.25"]
[SourceQuality "1"]

1. e4 e6 2. c4 c5 3. Nf3 Nc6 4. d4 cxd4 5. Nxd4 Nf6 6. Nc3 Bb4 7. Nxc6 bxc6 8. e5 Ne4 9. Bd2 Nxd2 10. Qxd2 Qa5 11. f4 g5 12. g3 gxf4 13. gxf4 Rg8 14. O-O-O Bxc3 15. Qxc3 Qxa2 16. Bd3 Rb8 17. Rhg1 Rxg1 18. Rxg1 Rb3 19. Rg8+ Ke7 20. Qd4 Qa1+ 21. Bb1 Qxb2+ 22. Qxb2 Rxb2 23. Kxb2 Ba6 24. c5 f6 25. Rg7+ 1-0

[Event "Carnaval"]
[Site "Quebec CAN"]
[Date "2007.02.23"]
[Round "1"]
[White "Audet-Bouchard, Nicolas"]
[Black "Giroux, Robert"]
[Result "0-1"]
[WhiteElo "2242"]
[BlackElo "1869"]
[PlyCount "50"]
[GameId "2160767910718280"]
[EventDate "2007.02.23"]
[EventType "swiss"]
[EventRounds "5"]
[EventCountry "CAN"]
[SourceTitle "EXT 2022"]
[Source "ChessBase"]
[SourceDate "2021.10.06"]
[SourceVersion "1"]
[SourceVersionDate "2021.10.06"]
[SourceQuality "1"]

1. e4 c5 2. Nf3 Nc6 3. Bb5 g6 4. O-O Bg7 5. c3 Nf6 6. Re1 O-O 7. d4 cxd4 8. e5 Nd5 9. cxd4 d6 10. Nc3 dxe5 11. Bxc6 bxc6 12. Nxe5 Nxc3 13. bxc3 c5 14. Nc6 Qd7 15. Nxe7+ Kh8 16. d5 Bxc3 17. Bh6 Bb7 18. Rc1 Bxe1 19. Qxe1 f6 20. Bxf8 Rxf8 21. Rxc5 Re8 22. d6 Qxd6 23. Qc1 Qxe7 24. h4 Qe4 25. f3 Qxh4 0-1

[Event "Carnaval"]
[Site "Quebec CAN"]
[Date "2007.02.23"]
[Round "1"]
[White "Caron, Sebastien"]
[Black "Masse, Hugues"]
[Result "0-1"]
[WhiteElo "1871"]
[BlackElo "2268"]
[PlyCount "66"]
[GameId "2160767910718281"]
[EventDate "2007.02.23"]
[EventType "swiss"]
[EventRounds "5"]
[EventCountry "CAN"]
[SourceTitle "EXT 2022"]
[Source "ChessBase"]
[SourceDate "2021.10.06"]
[SourceVersion "1"]
[SourceVersionDate "2021.10.06"]
[SourceQuality "1"]

1. e4 c5 2. Nf3 d6 3. d4 cxd4 4. Nxd4 Nf6 5. Nc3 a6 6. Bg5 e6 7. f4 Qc7 8. Qf3 b5 9. O-O-O b4 10. Nce2 Nbd7 11. Ng3 Bb7 12. Bd3 Be7 13. Rhe1 h6 14. Nh5 Nxh5 15. Qxh5 Nc5 16. Bxe7 Qxe7 17. Qg4 O-O 18. e5 dxe5 19. Rxe5 Nxd3+ 20. Rxd3 Qf6 21. Ree3 Rfd8 22. Nb3 Bd5 23. g3 a5 24. Kb1 a4 25. Nc1 a3 26. c3 axb2 27. Kxb2 bxc3+ 28. Rxc3 Bxa2 29. Kc2 Qd4 30. Red3 Qa4+ 31. Kd2 Bb1 32. Rxd8+ Rxd8+ 33. Nd3 Rxd3+ 0-1

[Event "Carnaval"]
[Site "Quebec CAN"]
[Date "2007.02.23"]
[Round "1"]
[White "Hua, Lefong"]
[Black "Tremblay, Yves"]
[Result "1-0"]
[WhiteElo "2359"]
[BlackElo "1877"]
[PlyCount "123"]
[GameId "2160767910718282"]
[EventDate "2007.02.23"]
[EventType "swiss"]
[EventRounds "5"]
[EventCountry "CAN"]
[SourceTitle "EXT 2022"]
[Source "ChessBase"]
[SourceDate "2021.10.06"]
[SourceVersion "1"]
[SourceVersionDate "2021.10.06"]
[SourceQuality "1"]

1. d4 Nf6 2. c4 e6 3. Nc3 d5 4. cxd5 exd5 5. Bg5 Be7 6. e3 O-O 7. Bd3 c6 8. Qc2 h6 9. Bh4 Be6 10. Nf3 Nbd7 11. O-O Rc8 12. Na4 Re8 13. h3 Nh5 14. Bxe7 Qxe7 15. Nc5 Nxc5 16. dxc5 Rcd8 17. Rad1 Bc8 18. Nd4 Qg5 19. Nf5 Bxf5 20. Bxf5 Nf6 21. Rd4 Re7 22. Rfd1 Rde8 23. Ra4 a6 24. Rb4 Ne4 25. Bxe4 dxe4 26. Rdd4 Qf5 27. f3 Qg5 28. f4 Qg6 29. Kh2 h5 30. Rd6 Qf5 31. Rbd4 h4 32. Rd8 g5 33. fxg5 Qxg5 34. Qf2 Rxd8 35. Rxd8+ Kg7 36. b4 f5 37. g3 hxg3+ 38. Qxg3 Qxg3+ 39. Kxg3 Kf6 40. Kf4 Rh7 41. Rd6+ Ke7 42. Kxf5 Rxh3 43. Re6+ Kd7 44. Rxe4 Rh2 45. Rd4+ Kc7 46. a3 b6 47. Rc4 Rh3 48. Rc3 bxc5 49. bxc5 a5 50. Ke5 Rh5+ 51. Kd4 Rd5+ 52. Kc4 Re5 53. Kd3 Re8 54. e4 Kd7 55. Rc4 Kc7 56. Ra4 Ra8 57. e5 Kd7 58. Ke4 Kc7 59. e6 Kd8 60. Ke5 Ke7 61. Rh4 Rg8 62. Rh7+ 1-0

[Event "Carnaval"]
[Site "Quebec CAN"]
[Date "2007.02.23"]
[Round "1"]
[White "Roy, Myriam"]
[Black "Caire, Francois"]
[Result "0-1"]
[WhiteElo "1846"]
[BlackElo "2225"]
[PlyCount "60"]
[GameId "2160767910718284"]
[EventDate "2007.02.23"]
[EventType "swiss"]
[EventRounds "5"]
[EventCountry "CAN"]
[SourceTitle "EXT 2022"]
[Source "ChessBase"]
[SourceDate "2021.10.06"]
[SourceVersion "1"]
[SourceVersionDate "2021.10.06"]
[SourceQuality "1"]

1. e4 c5 2. Nf3 Nc6 3. d4 cxd4 4. Nxd4 Nf6 5. Nc3 e5 6. Ndb5 d6 7. Bg5 a6 8. Na3 b5 9. Nd5 Be7 10. Bxf6 Bxf6 11. c3 O-O 12. Nc2 Rb8 13. Be2 Bg5 14. O-O a5 15. b3 g6 16. f4 exf4 17. Nxf4 Ne5 18. Ne3 Bb7 19. Ned5 Bh6 20. Nd3 f5 21. Bf3 Qh4 22. Nxe5 dxe5 23. Qe1 Qxe1 24. Rfxe1 Bxd5 25. exd5 e4 26. Be2 Bd2 27. Red1 Bxc3 28. Rac1 b4 29. d6 Rfd8 30. Rd5 e3 0-1

[Event "Carnaval"]
[Site "Quebec CAN"]
[Date "2007.02.24"]
[Round "2"]
[White "Caire, Francois"]
[Black "Giroux, Robert"]
[Result "1/2-1/2"]
[WhiteElo "2225"]
[BlackElo "1869"]
[PlyCount "65"]
[GameId "2160767910718285"]
[EventDate "2007.02.23"]
[EventType "swiss"]
[EventRounds "5"]
[EventCountry "CAN"]
[SourceTitle "EXT 2022"]
[Source "ChessBase"]
[SourceDate "2021.10.06"]
[SourceVersion "1"]
[SourceVersionDate "2021.10.06"]
[SourceQuality "1"]

1. e4 c5 2. Nc3 Nc6 3. Nge2 g6 4. g3 Bg7 5. Bg2 d6 6. O-O e5 7. d3 Nge7 8. Be3 O-O 9. Qd2 Nd4 10. f4 Rb8 11. fxe5 dxe5 12. Nd5 Nxd5 13. exd5 Nxe2+ 14. Qxe2 b6 15. c4 Qe7 16. Rab1 Bd7 17. a3 Rfc8 18. b4 f5 19. Qf2 Bf8 20. bxc5 bxc5 21. Rb2 Rxb2 22. Qxb2 Ba4 23. Rb1 g5 24. Bh3 g4 25. Bg2 Qc7 26. Qb7 Bd7 27. Rb2 Bd6 28. Qxc7 Rxc7 29. Rb8+ Kf7 30. Bd2 Rc8 31. Rb7 Rc7 32. Rb8 Rc8 33. Rb7 1/2-1/2

[Event "Carnaval"]
[Site "Quebec CAN"]
[Date "2007.02.24"]
[Round "2"]
[White "Lessard, Claude"]
[Black "Hua, Lefong"]
[Result "1/2-1/2"]
[WhiteElo "1985"]
[BlackElo "2359"]
[PlyCount "60"]
[GameId "2160767910718287"]
[EventDate "2007.02.23"]
[EventType "swiss"]
[EventRounds "5"]
[EventCountry "CAN"]
[SourceTitle "EXT 2022"]
[Source "ChessBase"]
[SourceDate "2021.10.06"]
[SourceVersion "1"]
[SourceVersionDate "2021.10.06"]
[SourceQuality "1"]

1. d4 Nf6 2. Nf3 c5 3. e3 e6 4. g3 b6 5. Bg2 Bb7 6. O-O Be7 7. a3 O-O 8. dxc5 bxc5 9. b3 d5 10. Ne5 Qc7 11. Bb2 Ne4 12. Bxe4 dxe4 13. Nc4 Nd7 14. Nc3 Rad8 15. Qe2 f5 16. Rfd1 Ba6 17. a4 Bf6 18. Nb5 Qb8 19. Bxf6 Nxf6 20. Na5 Qb6 21. Nc4 Qb8 22. Na5 Rxd1+ 23. Rxd1 Qb6 24. Nc4 Bxb5 25. axb5 Qxb5 26. Ra1 Rf7 27. Ra5 Qb4 28. Ra6 Rd7 29. Rxe6 Qc3 30. Rd6 a5 1/2-1/2

[Event "Carnaval"]
[Site "Quebec CAN"]
[Date "2007.02.24"]
[Round "2"]
[White "Masse, Hugues"]
[Black "Auger, Bertrand"]
[Result "1/2-1/2"]
[WhiteElo "2268"]
[BlackElo "1987"]
[PlyCount "67"]
[GameId "2160767910718288"]
[EventDate "2007.02.23"]
[EventType "swiss"]
[EventRounds "5"]
[EventCountry "CAN"]
[SourceTitle "EXT 2022"]
[Source "ChessBase"]
[SourceDate "2021.10.06"]
[SourceVersion "1"]
[SourceVersionDate "2021.10.06"]
[SourceQuality "1"]

1. d4 e6 2. c4 Nf6 3. Nc3 Bb4 4. Qc2 O-O 5. a3 Bxc3+ 6. Qxc3 b6 7. Bg5 h6 8. Bh4 Bb7 9. e3 d6 10. f3 Nbd7 11. Bd3 c5 12. Ne2 cxd4 13. exd4 Rc8 14. Qb3 e5 15. Bf5 g5 16. dxe5 dxe5 17. Bg3 Rc7 18. O-O Nh5 19. Rfd1 Qe7 20. Qe3 Nxg3 21. Nxg3 Qc5 22. Kf2 Qxe3+ 23. Kxe3 Nf6 24. Rd6 Kg7 25. b3 h5 26. Bc2 Bc8 27. Nf5+ Bxf5 28. Bxf5 b5 29. cxb5 Rc3+ 30. Rd3 Rc2 31. Rg1 Re8 32. h3 Re7 33. g3 Rec7 34. b4 1/2-1/2

[Event "Carnaval"]
[Site "Quebec CAN"]
[Date "2007.02.24"]
[Round "3"]
[White "Auger, Bertrand"]
[Black "Lessard, Claude"]
[Result "1-0"]
[WhiteElo "1987"]
[BlackElo "1985"]
[PlyCount "51"]
[GameId "2160767910718290"]
[EventDate "2007.02.23"]
[EventType "swiss"]
[EventRounds "5"]
[EventCountry "CAN"]
[SourceTitle "EXT 2022"]
[Source "ChessBase"]
[SourceDate "2021.10.06"]
[SourceVersion "1"]
[SourceVersionDate "2021.10.06"]
[SourceQuality "1"]

1. Nf3 Nf6 2. g3 b5 3. Bg2 Bb7 4. O-O e6 5. b3 d5 6. Bb2 Nbd7 7. d3 c5 8. Nbd2 Be7 9. c4 bxc4 10. bxc4 d4 11. e3 dxe3 12. fxe3 O-O 13. Qc2 Ng4 14. Rae1 h5 15. d4 Qc7 16. Ne4 cxd4 17. exd4 Nb6 18. Neg5 Nf6 19. Ne5 Bxg2 20. Kxg2 Nbd5 21. Qb1 Rab8 22. cxd5 Qb7 23. Re2 Qxd5+ 24. Kg1 Rfc8 25. Rxf6 Bxf6 26. Qh7+ 1-0

[Event "Carnaval"]
[Site "Quebec CAN"]
[Date "2007.02.24"]
[Round "3"]
[White "Cournoyer, Dominic"]
[Black "Palmer, Jordan"]
[Result "1/2-1/2"]
[WhiteElo "1839"]
[BlackElo "1852"]
[PlyCount "98"]
[GameId "2160767910718291"]
[EventDate "2007.02.23"]
[EventType "swiss"]
[EventRounds "5"]
[EventCountry "CAN"]
[SourceTitle "EXT 2022"]
[Source "ChessBase"]
[SourceDate "2021.10.06"]
[SourceVersion "1"]
[SourceVersionDate "2021.10.06"]
[SourceQuality "1"]

1. c4 g6 2. Nc3 Bg7 3. Nf3 Nf6 4. g3 O-O 5. Bg2 d6 6. O-O c5 7. d4 Nc6 8. dxc5 dxc5 9. Be3 b6 10. Ne5 Nxe5 11. Bxa8 Bh3 12. Bg2 Bxg2 13. Qxd8 Rxd8 14. Kxg2 Nxc4 15. Bc1 Ne8 16. Rd1 Ned6 17. Rb1 Re8 18. Na4 Ne4 19. f3 Ned6 20. b3 Na5 21. Bb2 f6 22. Nc3 Nc6 23. Ne4 Nf5 24. Kf2 Bh6 25. f4 Ncd4 26. Bxd4 Nxd4 27. e3 Nb5 28. Rd7 f5 29. Ng5 Bg7 30. a4 Nc3 31. Rc1 h6 32. Ne6 Bf6 33. Kg2 a5 34. Nc7 Rc8 35. Nd5 Nxd5 36. Rxd5 Kf7 37. Rd7 Rc6 38. Kf2 g5 39. Ke2 gxf4 40. gxf4 Ke8 41. Rdd1 Re6 42. Kd3 Re4 43. Rc4 Re6 44. Rg1 Rd6+ 45. Ke2 Kf7 46. Rc2 e5 47. Rd2 Re6 48. Kf3 exf4 49. exf4 Bd4 1/2-1/2

[Event "Carnaval"]
[Site "Quebec CAN"]
[Date "2007.02.24"]
[Round "3"]
[White "Giroux, Robert"]
[Black "Masse, Hugues"]
[Result "0-1"]
[WhiteElo "1869"]
[BlackElo "2268"]
[PlyCount "70"]
[GameId "2160767910718292"]
[EventDate "2007.02.23"]
[EventType "swiss"]
[EventRounds "5"]
[EventCountry "CAN"]
[SourceTitle "EXT 2022"]
[Source "ChessBase"]
[SourceDate "2021.10.06"]
[SourceVersion "1"]
[SourceVersionDate "2021.10.06"]
[SourceQuality "1"]

1. d4 Nf6 2. c4 g6 3. Nc3 d5 4. cxd5 Nxd5 5. g3 Bg7 6. Bg2 Nxc3 7. bxc3 c5 8. e3 O-O 9. Ne2 cxd4 10. cxd4 Nc6 11. O-O Bf5 12. Ba3 Rc8 13. Rc1 Qd7 14. Qb3 Rfe8 15. d5 Na5 16. Qb4 Bd3 17. Qxa5 Bxe2 18. Rfe1 Ba6 19. h4 Bf6 20. Qb4 Rxc1 21. Rxc1 Rc8 22. Rxc8+ Qxc8 23. Bb2 Bxb2 24. Qxb2 Qc5 25. d6 Qxd6 26. Bxb7 Qb8 27. h5 Qxb7 28. Qd2 Qb1+ 29. Kh2 Qd3 30. Qb2 Qb5 31. Qxb5 Bxb5 32. hxg6 fxg6 33. Kg2 Bc6+ 34. Kf1 Bf3 35. Ke1 Kf7 0-1

[Event "Carnaval"]
[Site "Quebec CAN"]
[Date "2007.02.24"]
[Round "3"]
[White "Laflamme, Simon"]
[Black "Caire, Francois"]
[Result "0-1"]
[WhiteElo "1938"]
[BlackElo "2225"]
[PlyCount "82"]
[GameId "2160767910718293"]
[EventDate "2007.02.23"]
[EventType "swiss"]
[EventRounds "5"]
[EventCountry "CAN"]
[SourceTitle "EXT 2022"]
[Source "ChessBase"]
[SourceDate "2021.10.06"]
[SourceVersion "1"]
[SourceVersionDate "2021.10.06"]
[SourceQuality "1"]

1. e4 c5 2. Nf3 Nc6 3. d4 cxd4 4. Nxd4 Nf6 5. Nc3 e5 6. Ndb5 d6 7. Bg5 a6 8. Na3 b5 9. Nd5 Be7 10. Bxf6 Bxf6 11. c4 b4 12. Nc2 Rb8 13. b3 Bg5 14. Be2 O-O 15. Qd3 f5 16. Bf3 g6 17. O-O Be6 18. Rad1 Qd7 19. Nde3 Rbd8 20. c5 dxc5 21. Qxa6 Nd4 22. Nxd4 cxd4 23. Nc4 Ra8 24. Qb6 Rfb8 25. Qc5 Rb5 26. Qd6 Rxa2 27. Qxd7 Bxd7 28. exf5 gxf5 29. Rfe1 Bf6 30. Nd6 Rc5 31. Rc1 Rxc1 32. Bd5+ Kf8 33. Rxc1 Ke7 34. Nb7 d3 35. Kf1 d2 36. Rd1 Bb5+ 37. Bc4 Bxc4+ 38. bxc4 b3 39. Nc5 b2 40. Nb3 Bg5 41. Ke2 Ra3 0-1

[Event "Carnaval"]
[Site "Quebec CAN"]
[Date "2007.02.25"]
[Round "4"]
[White "Audet-Bouchard, Nicolas"]
[Black "Bourassa, Samuel"]
[Result "1-0"]
[WhiteElo "2242"]
[BlackElo "2029"]
[PlyCount "57"]
[GameId "2160767910718295"]
[EventDate "2007.02.23"]
[EventType "swiss"]
[EventRounds "5"]
[EventCountry "CAN"]
[SourceTitle "EXT 2022"]
[Source "ChessBase"]
[SourceDate "2021.10.06"]
[SourceVersion "1"]
[SourceVersionDate "2021.10.06"]
[SourceQuality "1"]

1. e4 c5 2. Nf3 d6 3. d4 cxd4 4. Nxd4 Nf6 5. Nc3 g6 6. Be3 Bg7 7. f3 O-O 8. Qd2 Nc6 9. Bc4 Bd7 10. O-O-O Rc8 11. Bb3 Ne5 12. h4 h5 13. Bg5 Rc5 14. g4 hxg4 15. Bxf6 Bxf6 16. Nd5 Bg7 17. h5 e6 18. Ne3 gxh5 19. fxg4 Nxg4 20. Nxg4 hxg4 21. Qh2 Re8 22. Kb1 Re5 23. Rdf1 Kf8 24. Qf4 Qe7 25. Qxg4 Rg5 26. Qd1 Bc6 27. Nxe6+ Kg8 28. Nxg5 Qxg5 29. Bxf7+ 1-0